书目信息 |
| 题名: |
化学肥料学
|
|
| 作者: | 奚振邦 ;陈培林 | |
| 分册: | ||
| 出版信息: | 北京 科学出版社 1994 |
|
| 页数: | 461 | |
| 开本: | 20cm | |
| 丛书名: | ||
| 单 册: | ||
| 中图分类: | S143 | |
| 科图分类: | ||
| 主题词: | 肥料学 | |
| 电子资源: | ||
| ISBN: | 7-03-004286-7 | |
| 000 | 00546nam0 2200193 450 | |
| 001 | 0741144344 | |
| 005 | 20070817112544.34 | |
| 010 | @a7-03-004286-7@b精装@d¥20.50 | |
| 100 | @a20070817d km y0chiy0120 ea | |
| 101 | 0 | @achi |
| 200 | 1 | @a化学肥料学@Ahua xue fei liao xue@f奚振邦@Fxi zhen bang@g陈培林@Gchen pei lin |
| 210 | @a北京@c科学出版社@d1994 | |
| 215 | @a461@d20cm | |
| 606 | 0 | @a肥料学 |
| 690 | @aS143@v3 | |
| 701 | 0 | @a奚振邦@Axi zhen bang |
| 702 | 0 | @a陈培林@Achen pei lin |
| 801 | 0 | @aCN@bPFT@c20070817 |
| 905 | @a213230@dS143@en1@f1 | |
| 化学肥料学/奚振邦/陈培林.-北京:科学出版社,1994 |
| 461;20cm |
| ISBN 7-03-004286-7(精装):¥20.50 |
| ● |
| 相关链接 |
|
|
|
|
正题名:化学肥料学
索取号:S143/n1
 
预约/预借
| 序号 | 登录号 | 条形码 | 馆藏地/架位号 | 状态 | 备注 |
| 1 | 6601119 | 266011193 | 密集书库-生命科学系/ [索取号:S143/n1] | 在馆 |